The bioengineered forest : challenges for science and society

Bibliographic Details
Other Authors: Bradshaws, H.D, Strauss, H.Steven
Format: Book
Published: USA, Wshington : Resources for the Future , 2004
Subjects:

MARC

LEADER 00000cam a2200000 7i4500
001 0000003977
005 20130213.0
020 0 0 |a 1891853716 
090 0 0 |a 634.9   |b STEV 2004 
245 1 0 |a The bioengineered forest :   |b challenges for science and society   |c by Steven H. Strauss and H.D. Bradshaw 
260 0 0 |a USA, Wshington :   |b Resources for the Future ,   |c 2004 
300 |a xii, 405 p. :   |b ill. ;   |c 24 cm. 
500 0 0 |a Includes bibliographical references 
650 0 0 |a Forest products---Biotechnology 
650 0 0 |a Forestry biotechnology 
650 0 0 |a Tress---Biotecnology 
700 0 1 |a Bradshaws, H.D. 
700 0 1 |a Strauss, H.Steven 
999 |a 007780   |b Monograph   |c Open Shelf   |e Default branch